000 00308nam a22001337a 4500
008 171005b xxu||||| |||| 00| 0 eng d
020 _a9780881338515
041 _aeng
080 _a159.9
100 _a49
101 _aPSI
245 _aRETHINKING PSYCHOLOGICAL ANTHROPOLOGY
_cBOCK, P.K
942 _2udc
_cBK
999 _c31957
_d31957